[Event "Olomouc 2010 - Open Olomouc"]
[Site "Olomouc (CZE), Hotel Sigma"]
[Date "2010.08.11"]
[Round "8.5"]
[White "Gorbatov, Alexey"]
[Black "Sochorova, Petra"]
[Result "1-0"]
[WhiteElo "2390"]
[BlackElo "2175"]
[PlyCount "167"]
[EventDate "2010.08.05"]

1. g3 e5 2. c4 Nc6 3. Bg2 g6 4. Nc3 Bg7 5. Rb1 a5 6. a3 d6 7. b4 axb4 8. axb4
f5 9. b5 Nce7 10. Qb3 Nf6 11. Nh3 h6 12. d3 g5 13. f4 exf4 14. gxf4 g4 15. Nf2
Ng6 16. O-O Nh4 17. Bh1 O-O 18. Nd5 Nxd5 19. Bxd5+ Kh7 20. Bb2 Bxb2 21. Qxb2
Qe8 22. Qd2 Rb8 23. Nh1 Be6 24. Bxe6 Qxe6 25. Ng3 d5 26. cxd5 Qxd5 27. Rf2 c5
28. Qc3 b6 29. e4 fxe4 30. dxe4 Qd4 31. Qxd4 cxd4 32. f5 Nf3+ 33. Kg2 Ne5 34.
Nh5 Rbc8 35. Rd2 d3 36. Kg3 Rc2 37. Rbd1 Rc5 38. Rxd3 Nxd3 39. Rxd3 Rxb5 40.
Rd7+ Kh8 41. Kxg4 Rb1 42. Nf4 Kg8 43. Nd5 b5 44. Ne7+ Kg7 45. e5 b4 46. Kh5 Rf1
47. f6+ R8xf6 48. exf6+ Kxf6 49. Ng8+ Ke6 50. Rb7 Rb1 51. Nxh6 b3 52. h4 Ke5
53. Nf7+ Kd4 54. Nd6 Kd5 55. Nb5 Ra1 56. Nc3+ Kc4 57. Ne4 Ra5+ 58. Kg4 Kd3 59.
Rxb3+ Kxe4 60. h5 Ke5 61. Rb6 Ra1 62. Kg5 Rg1+ 63. Kh6 Kf5 64. Kh7 Rh1 65. h6
Rg1 66. Ra6 Rg2 67. Ra8 Kf6 68. Rf8+ Ke7 69. Rg8 Rh2 70. Rg4 Kf7 71. Rf4+ Ke6
72. Kg7 Rg2+ 73. Kf8 Rh2 74. Ra4 Kf6 75. Ra6+ Kf5 76. Kg7 Rg2+ 77. Kf7 Rh2 78.
Ra5+ Kf4 79. Kg6 Rg2+ 80. Kf6 Rh2 81. Ra4+ Kf3 82. Kg5 Rg2+ 83. Kf5 Rh2 84.
Ra3+ 1-0

[Event "Olomouc 2010 - Open Olomouc"]
[Site "Olomouc (CZE), Hotel Sigma"]
[Date "2010.08.11"]
[Round "8.6"]
[White "Pozin, Sergey"]
[Black "Sikora-Lerch, Jan"]
[Result "0-1"]
[WhiteElo "2414"]
[BlackElo "2211"]
[PlyCount "104"]
[EventDate "2010.08.05"]

1. d4 c5 2. d5 Nf6 3. Nc3 g6 4. e4 d6 5. f4 Bg7 6. Bb5+ Nfd7 7. a4 O-O 8. Nf3
Na6 9. O-O Nc7 10. Bd3 a6 11. Bd2 Rb8 12. a5 e6 13. dxe6 Nxe6 14. Kh1 b5 15.
axb6 Nxb6 16. f5 Nd4 17. Bg5 f6 18. Bf4 Nxf3 19. Qxf3 c4 20. Be2 g5 21. Bg3 Qc7
22. Rfd1 Rd8 23. Rd4 Bb7 24. Rad1 Bf8 25. h4 gxh4 26. Bxh4 Qf7 27. Qg3+ Kh8 28.
Bh5 Qxh5 29. Kg1 Qf7 30. e5 fxe5 31. Rg4 Nd7 32. f6 Nc5 33. Rf1 Bh6 34. Rg7 Qh5
35. Rxb7 Nxb7 36. f7 Bg7 37. Bxd8 Rxd8 38. Nd5 Rf8 39. Qc3 Rxf7 40. Rxf7 Qxf7
41. Qxc4 h6 42. b4 Nd8 43. c3 Qb7 44. Qd3 Ne6 45. c4 Qa7+ 46. Kh2 Qf7 47. Qe4
Ng5 48. Qg4 e4 49. Qc8+ Bf8 50. Qxa6 Qf2 51. Kh1 e3 52. Qa1+ Bg7 0-1

[Event "Olomouc 2010 - Open Olomouc"]
[Site "Olomouc (CZE), Hotel Sigma"]
[Date "2010.08.11"]
[Round "8.8"]
[White "Zakharchenko, Arnold"]
[Black "Nguyen, Piotr"]
[Result "0-1"]
[WhiteElo "2224"]
[BlackElo "2372"]
[PlyCount "60"]
[EventDate "2010.08.05"]

1. Nf3 g6 2. g3 Bg7 3. d4 f5 4. Bg2 Nf6 5. O-O O-O 6. b4 Nc6 7. b5 Na5 8. Qd3
d5 9. a4 c5 10. e3 a6 11. Na3 Ne4 12. Bb2 Bd7 13. Ne5 c4 14. Qd1 e6 15. f3 c3
16. fxe4 cxb2 17. Rb1 fxe4 18. Rxb2 axb5 19. Nxd7 Qxd7 20. Rxb5 Qe7 21. Qc1
Rfc8 22. Qb2 Bf8 23. Ra1 Qg5 24. Re1 Bd6 25. Bh3 Bxg3 26. Bxe6+ Kg7 27. Rxd5
Bxh2+ 28. Kh1 Qh4 29. Re2 Rf8 30. Rd7+ Kh6 0-1

[Event "Olomouc 2010 - Open Olomouc"]
[Site "Olomouc (CZE), Hotel Sigma"]
[Date "2010.08.11"]
[Round "8.9"]
[White "Libov, Gennady"]
[Black "Malinovsky-Jun., Karel"]
[Result "1/2-1/2"]
[WhiteElo "2203"]
[BlackElo "2348"]
[PlyCount "84"]
[EventDate "2010.08.05"]

1. g3 d5 2. Bg2 Nf6 3. c4 e6 4. Nf3 Be7 5. b3 O-O 6. Bb2 c5 7. cxd5 exd5 8. d4
b6 9. O-O Bb7 10. Nc3 Nc6 11. Rc1 Ne4 12. dxc5 Nxc3 13. Bxc3 bxc5 14. e3 Qb6
15. Qc2 Rfd8 16. Qb2 Bf8 17. Rfd1 a5 18. Ne5 Nxe5 19. Bxe5 a4 20. Rc2 axb3 21.
axb3 Bc6 22. g4 Qb4 23. h3 Ra3 24. Rb1 Rda8 25. Bc3 Qb7 26. b4 c4 27. b5 Bd7
28. Rd1 Be6 29. Rcd2 Rb3 30. Qc2 Raa3 31. Be5 Qxb5 32. Bxd5 Rd3 33. Bxe6 fxe6
34. Rxd3 Rxd3 35. Bc3 Qd5 36. Rd2 h5 37. Qd1 Rxd2 38. Qxd2 hxg4 39. hxg4 Be7
40. Qxd5 exd5 41. Kf1 Kf7 42. f4 g6 1/2-1/2

[Event "Olomouc 2010 - Open Olomouc"]
[Site "Olomouc (CZE), Hotel Sigma"]
[Date "2010.08.11"]
[Round "8.10"]
[White "Groetz, Harald"]
[Black "Vorobyov, Yrij"]
[Result "1-0"]
[WhiteElo "2315"]
[BlackElo "2210"]
[PlyCount "63"]
[EventDate "2010.08.05"]

1. e4 e6 2. d4 d5 3. Nd2 c5 4. exd5 Qxd5 5. Ngf3 cxd4 6. Bc4 Qd6 7. O-O Nf6 8.
Nb3 Nc6 9. Nbxd4 Nxd4 10. Nxd4 a6 11. Bb3 Qc7 12. Re1 Bd6 13. h3 O-O 14. Bg5
Be5 15. c3 h6 16. Be3 Re8 17. Nf3 Bd6 18. Qd4 e5 19. Qh4 Nh7 20. Rad1 Be6 21.
Bc2 f5 22. Bxh6 e4 23. Nd4 Kh8 24. Bg5 Be5 25. Re3 g6 26. f3 Bxd4 27. Rxd4 exf3
28. Bf4 Qf7 29. Be5+ Kg8 30. Rxf3 Bd5 31. Rxd5 Qxd5 32. Bb3 1-0

[Event "Olomouc 2010 - Open Olomouc"]
[Site "Olomouc (CZE), Hotel Sigma"]
[Date "2010.08.11"]
[Round "8.12"]
[White "Sponheim, Olaf"]
[Black "Oresky, Jan"]
[Result "1/2-1/2"]
[WhiteElo "2281"]
[BlackElo "2209"]
[PlyCount "67"]
[EventDate "2010.08.05"]

1. d4 d5 2. c4 dxc4 3. Nf3 Nf6 4. e3 a6 5. Bxc4 e6 6. O-O c5 7. Bb3 Nc6 8. Nc3
cxd4 9. exd4 Na5 10. Bc2 b5 11. Qe2 Bb7 12. Rd1 Be7 13. a3 Rc8 14. Ne5 O-O 15.
Bg5 Nd5 16. Bd2 Nc4 17. Nxc4 bxc4 18. Be4 Nxc3 19. Bxc3 Bxe4 20. Qxe4 Qd5 21.
Qxd5 exd5 22. Re1 Bd6 23. Kf1 Rb8 24. Re2 Rb3 25. Ke1 Rfb8 26. Kd2 Kf8 27. Rae1
g6 28. Kc2 R3b7 29. h3 h5 30. Re3 h4 31. R3e2 Rb3 32. Re3 R3b7 33. R3e2 Rb3 34.
Re3 1/2-1/2

[Event "Olomouc 2010 - Open Olomouc"]
[Site "Olomouc (CZE), Hotel Sigma"]
[Date "2010.08.11"]
[Round "8.13"]
[White "Mackowiak, Marek"]
[Black "Ptacnikova, Lenka"]
[Result "0-1"]
[WhiteElo "2194"]
[BlackElo "2262"]
[PlyCount "90"]
[EventDate "2010.08.05"]

1. c4 e5 2. g3 Nf6 3. Bg2 d5 4. d3 dxc4 5. Qa4+ Bd7 6. Qxc4 Nc6 7. Nf3 Bd6 8.
Nc3 O-O 9. Bg5 h6 10. Bxf6 Qxf6 11. Ne4 Qe7 12. Nxd6 cxd6 13. O-O Rac8 14. Qb3
Be6 15. Qa3 Rc7 16. Rac1 Rfc8 17. Rc3 Qd7 18. Rfc1 f6 19. e3 a6 20. d4 Na7 21.
Rxc7 Rxc7 22. b3 Qc8 23. Rxc7 Qxc7 24. Qb2 Nb5 25. h4 Qc3 26. Qxc3 Nxc3 27. Nd2
b6 28. Bb7 a5 29. a3 exd4 30. exd4 Ne2+ 31. Kg2 Nxd4 32. Ne4 Bxb3 33. Nxd6 b5
34. f3 Kf8 35. Kf2 Ke7 36. Ne4 Nc2 37. Nc5 Bc4 38. a4 b4 39. Be4 Na3 40. Nb7 b3
41. Nxa5 b2 42. Nc6+ Kd6 43. Nd4 Kc5 44. Ke3 Ba2 45. Nf5 Bb1 0-1

[Event "Olomouc 2010 - Open Olomouc"]
[Site "Olomouc (CZE), Hotel Sigma"]
[Date "2010.08.11"]
[Round "8.15"]
[White "Krapivin, Vladislav"]
[Black "Zielinski, Stanislaw"]
[Result "1-0"]
[WhiteElo "2362"]
[BlackElo "2138"]
[PlyCount "73"]
[EventDate "2010.08.05"]

1. e4 e5 2. Nc3 Nf6 3. Nf3 Nc6 4. Bb5 Bc5 5. O-O O-O 6. Nxe5 Re8 7. Nf3 Nxe4 8.
d4 Nxc3 9. bxc3 Be7 10. d5 Nb8 11. Bf4 a6 12. Bd3 d6 13. Nd4 c5 14. dxc6 bxc6
15. Rb1 c5 16. Qh5 g6 17. Qd5 Ra7 18. Rxb8 cxd4 19. cxd4 Bf8 20. Rfb1 h6 21. h3
Qf6 22. Bg3 Be6 23. Qc6 Bd7 24. Qb6 Ra8 25. Rxa8 Rxa8 26. Qb7 Rd8 27. c3 h5 28.
h4 g5 29. Qe4 Qg7 30. hxg5 Re8 31. Qf4 Be7 32. Bh4 Be6 33. c4 Rf8 34. Qe4 Bd8
35. f4 Bg4 36. f5 f6 37. Qd5+ 1-0

[Event "Olomouc 2010 - Open Olomouc"]
[Site "Olomouc (CZE), Hotel Sigma"]
[Date "2010.08.12"]
[Round "9.1"]
[White "Jasny, Stanislav"]
[Black "Savitskiy, Sergey"]
[Result "0-1"]
[WhiteElo "2323"]
[BlackElo "2245"]
[PlyCount "216"]
[EventDate "2010.08.05"]

1. e4 c5 2. Nf3 d6 3. d4 cxd4 4. Nxd4 Nf6 5. Nc3 e6 6. Be3 Be7 7. Be2 Nc6 8.
O-O O-O 9. f4 a6 10. a4 Qc7 11. Kh1 Re8 12. Bg1 Rb8 13. Qd3 Nb4 14. Qg3 b6 15.
Rae1 Bf8 16. e5 Nd7 17. Bh5 g6 18. Nxe6 Rxe6 19. f5 Nxe5 20. fxe6 Bxe6 21. Bd1
Bg7 22. Ne4 Nxc2 23. Bxc2 Qxc2 24. Bd4 Qxa4 25. Bxe5 dxe5 26. Nf6+ Bxf6 27.
Rxf6 Qd4 28. Qxe5 Qxe5 29. Rxe5 Rd8 30. Kg1 Rd4 31. Re1 Rb4 32. Rf2 a5 33. Rd2
Kg7 34. Re3 h5 35. Kf2 a4 36. Red3 Bb3 37. Rd4 Rb5 38. Ke3 Rc5 39. Rd6 b5 40.
Rb6 Bc4 41. Kd4 Rd5+ 42. Ke3 Re5+ 43. Kd4 Re1 44. Rf2 Rh1 45. h3 Rd1+ 46. Ke4
Ra1 47. Ke3 a3 48. bxa3 Rxa3+ 49. Kf4 Rb3 50. Rc2 Rb1 51. Kg3 Rf1 52. Rb2 Rf5
53. Rd2 Re5 54. Rb2 Rd5 55. Rf2 Rd4 56. Rb2 Rd3+ 57. Kf2 Rd5 58. Kg3 Rg5+ 59.
Kf2 h4 60. Kg1 Re5 61. Kh2 Kh6 62. Rd6 Rf5 63. Rd4 Kg5 64. Rg4+ Kh5 65. Rb4 Rf2
66. Rgxc4 bxc4 67. Rxc4 Rf6 68. Ra4 Re6 69. Rb4 g5 70. Ra4 Kg6 71. Rb4 Kf5 72.
Kg1 Re4 73. Rb7 f6 74. Kf2 Kf4 75. Rb3 Rd4 76. Rf3+ Ke5 77. Ra3 Rf4+ 78. Ke3
Kf5 79. Ra5+ Kg6 80. Rb5 Rf5 81. Rb4 Ra5 82. Kf3 Kf5 83. Rc4 Ra3+ 84. Kf2 Rd3
85. Rc6 Ke5 86. Ra6 f5 87. Ra4 Rd4 88. Ra3 g4 89. hxg4 fxg4 90. Ke3 Re4+ 91.
Kf2 Rb4 92. Ra8 Rb2+ 93. Kg1 Rd2 94. Ra4 Rd4 95. Ra8 Kf4 96. Kh2 Ke3 97. Rh8
Rd1 98. Rxh4 Kf4 99. g3+ Kf3 100. Rh8 Rd2+ 101. Kg1 Kxg3 102. Kf1 Rd1+ 103. Ke2
Rg1 104. Ra8 Kg2 105. Ra2 g3 106. Ke3+ Kh3 107. Ra8 Rf1 108. Ke2 Rf7 0-1

[Event "Olomouc 2010 - Open Olomouc"]
[Site "Olomouc (CZE), Hotel Sigma"]
[Date "2010.08.12"]
[Round "9.3"]
[White "Nguyen, Piotr"]
[Black "Zilka, Stepan"]
[Result "1-0"]
[WhiteElo "2372"]
[BlackElo "2493"]
[PlyCount "91"]
[EventDate "2010.08.05"]

1. d4 d5 2. Nf3 Nf6 3. c4 c6 4. Nc3 e6 5. Bg5 h6 6. Bxf6 Qxf6 7. Qb3 a5 8. e4
dxe4 9. Nxe4 Bb4+ 10. Kd1 Qf4 11. Qe3 Qxe3 12. fxe3 Be7 13. c5 Nd7 14. Nfd2 e5
15. Nc4 O-O 16. Kc2 exd4 17. exd4 Nf6 18. Ned6 Nd5 19. Re1 Bf6 20. Ne5 Nb4+ 21.
Kb3 Be6+ 22. Bc4 Bxc4+ 23. Kxc4 Bxe5 24. Rxe5 Rab8 25. a3 Nd5 26. Rxd5 cxd5+
27. Kxd5 f5 28. b4 axb4 29. axb4 f4 30. b5 Rf6 31. Ke5 f3 32. gxf3 Rxf3 33. Rc1
Rf6 34. Ra1 Rf2 35. Ra7 Rxh2 36. Rxb7 Re2+ 37. Kd5 Rxb7 38. Nxb7 Kf7 39. c6 Ke7
40. b6 Rb2 41. c7 Kd7 42. Nc5+ Kc8 43. Kc6 h5 44. b7+ Rxb7 45. Nxb7 g5 46. Nd6#
1-0

[Event "Olomouc 2010 - Open Olomouc"]
[Site "Olomouc (CZE), Hotel Sigma"]
[Date "2010.08.12"]
[Round "9.4"]
[White "Ptacnikova, Lenka"]
[Black "Gorbatov, Alexey"]
[Result "1/2-1/2"]
[WhiteElo "2262"]
[BlackElo "2390"]
[PlyCount "82"]
[EventDate "2010.08.05"]

1. Nf3 c5 2. c4 g6 3. g3 Bg7 4. Bg2 Nc6 5. O-O Nh6 6. e4 O-O 7. Nc3 d6 8. d3 f5
9. Nd5 fxe4 10. dxe4 Nf7 11. Rb1 Rb8 12. Be3 b5 13. cxb5 Rxb5 14. Qa4 a6 15.
Rfd1 Bd7 16. Qc2 a5 17. b3 Nb4 18. Qd2 Nxd5 19. Qxd5 Qc8 20. Ng5 e6 21. Qd2
Nxg5 22. Bxg5 Bd4 23. Be3 e5 24. Bf1 Rb4 25. a3 Rb8 26. Bxd4 exd4 27. Qxa5 Ra8
28. Qd2 Rxa3 29. Ra1 Rxa1 30. Rxa1 Be6 31. Bc4 Bxc4 32. bxc4 Qg4 33. Re1 Qf3
34. e5 dxe5 35. Rxe5 Rb8 36. Qe1 d3 37. Re8+ Rxe8 38. Qxe8+ Kg7 39. Qe7+ Kh6
40. Qh4+ Kg7 41. Qe7+ Kh6 1/2-1/2

[Event "Olomouc 2010 - Open Olomouc"]
[Site "Olomouc (CZE), Hotel Sigma"]
[Date "2010.08.12"]
[Round "9.6"]
[White "Sikora-Lerch, Jan"]
[Black "Groetz, Harald"]
[Result "1/2-1/2"]
[WhiteElo "2211"]
[BlackElo "2315"]
[PlyCount "47"]
[EventDate "2010.08.05"]

1. c4 e5 2. Nc3 Nc6 3. g3 g6 4. Bg2 Bg7 5. h4 Nf6 6. Nf3 d6 7. d4 exd4 8. Nxd4
Bd7 9. Nxc6 bxc6 10. O-O O-O 11. b3 Qc8 12. Bb2 Bh3 13. Qc2 Bxg2 14. Kxg2 Qg4
15. f3 Qe6 16. e4 Nh5 17. Ne2 Bxb2 18. Qxb2 f5 19. exf5 Rxf5 20. Rae1 Re5 21.
Nd4 Qf6 22. Rxe5 Qxe5 23. Qf2 c5 24. Nc2 1/2-1/2

[Event "Olomouc 2010 - Open Olomouc"]
[Site "Olomouc (CZE), Hotel Sigma"]
[Date "2010.08.12"]
[Round "9.7"]
[White "Johansson, Jan"]
[Black "Furman, Boris"]
[Result "1-0"]
[WhiteElo "2428"]
[BlackElo "2237"]
[PlyCount "85"]
[EventDate "2010.08.05"]

1. d4 Nf6 2. Nf3 d5 3. Bg5 e6 4. e3 h6 5. Bh4 c5 6. Nbd2 Nbd7 7. c3 Be7 8. Bd3
b6 9. Ne5 Nxe5 10. dxe5 Nd7 11. Bg3 Bb7 12. Qg4 Bf8 13. h4 h5 14. Qe2 Qc7 15.
e4 c4 16. Bc2 Nc5 17. O-O dxe4 18. Nxc4 O-O-O 19. Nd2 Qc6 20. f3 e3 21. Qxe3
Na4 22. Ne4 Nxb2 23. Kh2 Be7 24. a4 Nc4 25. Qf4 Rd7 26. a5 b5 27. a6 Bxa6 28.
Bb3 Kb8 29. Bf2 Ka8 30. Ra2 Bc8 31. Rfa1 a6 32. Qxf7 Ba3 33. Qf4 Rf8 34. Qg3
Bb2 35. Rb1 b4 36. Bxc4 bxc3 37. Nc5 c2 38. Raxb2 cxb1=Q 39. Rxb1 Rd2 40. Ra1
Rf7 41. Bxa6 Kb8 42. Bxc8 Kxc8 43. Ne4 1-0

[Event "Olomouc 2010 - Open Olomouc"]
[Site "Olomouc (CZE), Hotel Sigma"]
[Date "2010.08.12"]
[Round "9.8"]
[White "Bugalski, Michal"]
[Black "Krapivin, Vladislav"]
[Result "0-1"]
[WhiteElo "2252"]
[BlackElo "2362"]
[PlyCount "116"]
[EventDate "2010.08.05"]

1. c4 Nf6 2. Nf3 d6 3. Nc3 e5 4. g3 c6 5. Bg2 Nbd7 6. O-O Be7 7. d4 O-O 8. e4
a6 9. b4 b5 10. cxb5 cxb5 11. a4 Bb7 12. Re1 bxa4 13. d5 Nb6 14. Nxa4 Bc8 15.
Bf1 Bd7 16. Nb2 Qc8 17. Be3 Qb7 18. Nd2 Ng4 19. Nb3 Nxe3 20. Rxe3 Nc8 21. Nd3
Na7 22. Na5 Qb6 23. Nc4 Qd4 24. Rxa6 Bb5 25. Rxa7 Rxa7 26. Na5 Rc7 27. Qf3 g6
28. Nc6 Bxc6 29. dxc6 Rxc6 30. b5 Rc3 31. Nf4 Rxe3 32. fxe3 Qc5 33. Nd5 Bd8 34.
Kg2 Qc2+ 35. Kh3 f5 36. Bg2 fxe4 37. Qxe4 Qe2 38. Qg4 Qxg4+ 39. Kxg4 Rf2 40.
Kh3 h5 41. b6 Rb2 42. b7 g5 43. g4 h4 44. Nc3 Kf7 45. Bd5+ Ke7 46. Bc6 Bc7 47.
Ne4 Re2 48. Nxg5 Rxe3+ 49. Kxh4 Rd3 50. Ne4 d5 51. Nc5 Rd2 52. Na6 Kd6 53. b8=Q
Bxb8 54. Nxb8 Rxh2+ 55. Kg3 Rb2 56. Nd7 e4 57. Ba4 Rb4 58. g5 Rxa4 0-1

[Event "Olomouc 2010 - Open Olomouc"]
[Site "Olomouc (CZE), Hotel Sigma"]
[Date "2010.08.12"]
[Round "9.9"]
[White "Malinovsky-Jun., Karel"]
[Black "Oresky, Jan"]
[Result "1/2-1/2"]
[WhiteElo "2348"]
[BlackElo "2209"]
[PlyCount "52"]
[EventDate "2010.08.05"]

1. e4 c5 2. Nf3 d6 3. d4 cxd4 4. Nxd4 Nf6 5. Nc3 e6 6. Be2 Be7 7. O-O O-O 8.
Be3 Nc6 9. f4 e5 10. Nxc6 bxc6 11. fxe5 dxe5 12. h3 Qa5 13. Qe1 Bc5 14. Bxc5
Qxc5+ 15. Kh2 Rb8 16. a3 Be6 17. Bd3 Qe7 18. b3 Nd7 19. Qe3 Nc5 20. Rfd1 a5 21.
Be2 Rb7 22. Rd2 Bxb3 23. cxb3 Nxb3 24. Rb1 Nxd2 25. Rxb7 Qxb7 26. Qxd2 Qb3
1/2-1/2

[Event "Olomouc 2010 - Open Olomouc"]
[Site "Olomouc (CZE), Hotel Sigma"]
[Date "2010.08.12"]
[Round "9.10"]
[White "Costantini, Roberto"]
[Black "Suder, Ryszard"]
[Result "1-0"]
[WhiteElo "2286"]
[BlackElo "2210"]
[PlyCount "81"]
[EventDate "2010.08.05"]

1. e4 d6 2. d4 Nf6 3. Nc3 g6 4. Be3 Bg7 5. Qd2 c6 6. Bd3 b5 7. h3 Nbd7 8. Bh6
O-O 9. Nf3 e5 10. dxe5 dxe5 11. O-O-O Qc7 12. Ne2 Nc5 13. Bxg7 Kxg7 14. Ng3 Be6
15. Kb1 Rfe8 16. h4 Rad8 17. Qe3 Nxd3 18. cxd3 Ng4 19. Qe2 Qb6 20. Rd2 c5 21.
Ng5 h5 22. Nxe6+ Rxe6 23. f3 Nf6 24. Rc1 Red6 25. Rdc2 Rxd3 26. Rxc5 a6 27. Nf1
Qe6 28. R5c2 b4 29. Rc6 R8d6 30. Qxd3 Rxc6 31. Rd1 Rc5 32. Qd6 Qxd6 33. Rxd6 a5
34. Nd2 Ne8 35. Rd7 Rb5 36. Nc4 Rc5 37. b3 Kf6 38. Ra7 Ke6 39. Nxa5 Nd6 40. Ra6
Ke7 41. Nc6+ 1-0

[Event "Olomouc 2010 - Open Olomouc"]
[Site "Olomouc (CZE), Hotel Sigma"]
[Date "2010.08.12"]
[Round "9.11"]
[White "Juptner, Jan"]
[Black "Berezovich, Alexander"]
[Result "1-0"]
[WhiteElo "2283"]
[BlackElo "2228"]
[PlyCount "57"]
[EventDate "2010.08.05"]

1. d4 d6 2. Nf3 Bg4 3. c4 c6 4. e3 Nd7 5. h3 Bh5 6. Nc3 e5 7. g4 Bg6 8. e4 Ngf6
9. Qe2 Qb6 10. c5 Qa5 11. cxd6 Bxe4 12. Nxe5 Nxe5 13. dxe5 O-O-O 14. f3 Bxf3
15. Qxf3 Qxe5+ 16. Be3 Bxd6 17. O-O-O Rhe8 18. Bd4 Qg5+ 19. Kb1 Be5 20. Bxe5
Rxd1+ 21. Qxd1 Rxe5 22. Bc4 Re7 23. Qd4 Qa5 24. Rf1 b5 25. Qc5 Qc7 26. Bb3 h6
27. Rc1 a6 28. Nd5 Nxd5 29. Bxd5 1-0

[Event "Olomouc 2010 - Open Olomouc"]
[Site "Olomouc (CZE), Hotel Sigma"]
[Date "2010.08.12"]
[Round "9.15"]
[White "Sochorova, Petra"]
[Black "Pozin, Sergey"]
[Result "0-1"]
[WhiteElo "2175"]
[BlackElo "2414"]
[PlyCount "64"]
[EventDate "2010.08.05"]

1. e4 c5 2. Nf3 d6 3. d4 Nf6 4. Nc3 cxd4 5. Nxd4 Nc6 6. Bc4 Bd7 7. Bb3 g6 8. f3
Na5 9. Be3 Rc8 10. Qd3 Bg7 11. g4 a6 12. g5 Nh5 13. Nde2 Nxb3 14. axb3 Qc7 15.
Bd4 e5 16. Be3 O-O 17. Rd1 Bh3 18. Nd5 Qxc2 19. Ne7+ Kh8 20. Nxc8 Qxc8 21. Rg1
Rd8 22. Bb6 Rd7 23. Rc1 Qe8 24. f4 Nxf4 25. Nxf4 exf4 26. Qxh3 Bxb2 27. Rc2
Qxe4+ 28. Re2 Qb4+ 29. Kf1 Qb5 30. Rgg2 Be5 31. Rgf2 a5 32. Rxf4 Bxf4 0-1

[Event "Olomouc 2010 - Open Olomouc"]
[Site "Olomouc (CZE), Hotel Sigma"]
[Date "2010.08.12"]
[Round "9.16"]
[White "Charochkina, Daria"]
[Black "Weber, Martin"]
[Result "1-0"]
[WhiteElo "2298"]
[BlackElo "2136"]
[PlyCount "81"]
[EventDate "2010.08.05"]

1. d4 Nf6 2. c4 e5 3. dxe5 Ng4 4. Bf4 Nc6 5. Nf3 Bb4+ 6. Nc3 Bxc3+ 7. bxc3 Qe7
8. Qd5 f6 9. exf6 Nxf6 10. Qd3 d6 11. g3 O-O 12. Bg2 Bg4 13. O-O Rae8 14. Rfe1
Kh8 15. h3 Bc8 16. Nd4 Ne5 17. Bxe5 Qxe5 18. e4 Qh5 19. g4 Qe5 20. Qd2 Nd7 21.
Nf5 Nc5 22. f4 Qf6 23. Kh2 b6 24. Re3 Qf7 25. Rf1 Qxc4 26. Qd4 Qf7 27. Rf2 a5
28. Bf1 Be6 29. Bb5 Rd8 30. Ng3 Qf6 31. Nh5 Qh6 32. Be2 Bxa2 33. g5 Qg6 34. f5
Qf7 35. g6 Qe7 36. f6 Rxf6 37. Rxf6 gxf6 38. g7+ Kg8 39. Nxf6+ Kxg7 40. Rg3+
Kh8 41. Nd7+ 1-0

[Event "Olomouc 2010 - Open Olomouc"]
[Site "Olomouc (CZE), Hotel Sigma"]
[Date "2010.08.12"]
[Round "9.19"]
[White "Ortoft, Kai"]
[Black "Zakharchenko, Arnold"]
[Result "0-1"]
[WhiteElo "2042"]
[BlackElo "2224"]
[PlyCount "58"]
[EventDate "2010.08.05"]

1. d4 Nf6 2. Nf3 g6 3. c4 Bg7 4. g3 c5 5. Bg2 O-O 6. O-O Nc6 7. Nc3 d6 8. h3
cxd4 9. Nxd4 Nxd4 10. Qxd4 Be6 11. Qh4 Rc8 12. Nd5 b5 13. e4 Rxc4 14. Nxf6+
Bxf6 15. Bg5 Bxg5 16. Qxg5 Rc5 17. Qe3 Qb6 18. b4 Rc2 19. Qxb6 axb6 20. a4 bxa4
21. Rxa4 Rb2 22. Rc1 b5 23. Ra7 Re8 24. Rcc7 Kf8 25. e5 dxe5 26. Rc5 Rd8 27.
Ra8 Rxa8 28. Bxa8 Rxb4 29. Rxe5 Bxh3 0-1

[Event "Olomouc 2010 - Seniors Open"]
[Site "Olomouc (CZE), Hotel Sigma"]
[Date "2010.08.05"]
[Round "1"]
[White "Golcman, Evgeny"]
[Black "Benova, Zita"]
[Result "1-0"]
[WhiteElo "2270"]
[BlackElo "1758"]
[PlyCount "63"]
[EventDate "2010.08.05"]

1. c4 Nf6 2. Nc3 g6 3. e4 d6 4. d4 Bg7 5. f3 O-O 6. Be3 c6 7. Qd2 e5 8. d5 c5
9. Nge2 a6 10. Nc1 Ne8 11. Nd3 Qa5 12. a3 f5 13. Be2 f4 14. Bf2 Qd8 15. b4 b6
16. a4 Nd7 17. a5 Bb7 18. axb6 Nxb6 19. Qa2 cxb4 20. Nxb4 a5 21. Nc6 Bxc6 22.
dxc6 Kh8 23. Rb1 Nc8 24. Rb7 Qg5 25. O-O Ra6 26. Qa4 Qd8 27. Rd1 Nf6 28. c5 Ra8
29. c7 Qe8 30. cxd6 Nd7 31. Bb5 Rf7 32. Rb8 1-0

[Event "Olomouc 2010 - Seniors Open"]
[Site "Olomouc (CZE), Hotel Sigma"]
[Date "2010.08.05"]
[Round "1"]
[White "Hrivnakova, Anna"]
[Black "Lubimov, Anatoly"]
[Result "0-1"]
[WhiteElo "1748"]
[BlackElo "2235"]
[PlyCount "55"]
[EventDate "2010.08.05"]

1. Nf3 g6 2. c4 Bg7 3. g3 e5 4. Nc3 Nc6 5. Bg2 Nge7 6. O-O d6 7. d3 O-O 8. Rb1
a5 9. a4 h6 10. Be3 Be6 11. b3 g5 12. d4 Bf5 13. Rc1 Rb8 14. Qd2 g4 15. Nh4
exd4 16. Bxh6 dxc3 17. Qg5 Bg6 18. Bxg7 Kxg7 19. Rxc3 Ne5 20. Qe3 Nf5 21. Nxf5+
Bxf5 22. f4 Nc6 23. Rd1 Qf6 24. Rd5 Rbe8 25. Qd2 Rh8 26. c5 Be4 27. Bxe4 Rxe4
28. Rc1 0-1

[Event "Olomouc 2010 - Seniors Open"]
[Site "Olomouc (CZE), Hotel Sigma"]
[Date "2010.08.05"]
[Round "1"]
[White "Zoltek, Tadeusz"]
[Black "Vasek, Rostislav"]
[Result "1-0"]
[WhiteElo "2183"]
[BlackElo "1707"]
[PlyCount "83"]
[EventDate "2010.08.05"]

1. Nf3 d5 2. d4 g6 3. c4 Nf6 4. cxd5 Nxd5 5. e4 Nb6 6. Nc3 Bg7 7. h3 a6 8. Be2
Nc6 9. Be3 Nd7 10. O-O b5 11. Rc1 Bb7 12. Qd2 O-O 13. Bh6 Re8 14. Bxg7 Kxg7 15.
d5 Nce5 16. Nxe5 Nxe5 17. f4 Nd7 18. Rfd1 f6 19. Bf3 Rc8 20. Ne2 Nf8 21. Nd4
Qd6 22. Bg4 Rcd8 23. Nc6 h5 24. e5 Qxc6 25. dxc6 Rxd2 26. Rxd2 Bc8 27. Bxc8
Rxc8 28. exf6+ Kxf6 29. Kf2 Ne6 30. Kf3 Nd8 31. g4 hxg4+ 32. hxg4 Nf7 33. g5+
Kg7 34. Rd7 Kf8 35. Re1 e5 36. Rxe5 Nxe5+ 37. fxe5 Kg8 38. Ke4 Kf8 39. Kd5 Kg8
40. Ke6 Re8+ 41. Kf6 Rf8+ 42. Kxg6 1-0

[Event "Olomouc 2010 - Seniors Open"]
[Site "Olomouc (CZE), Hotel Sigma"]
[Date "2010.08.06"]
[Round "2"]
[White "Collins, Alan"]
[Black "Zoltek, Tadeusz"]
[Result "0-1"]
[WhiteElo "1855"]
[BlackElo "2183"]
[PlyCount "70"]
[EventDate "2010.08.05"]

1. d4 Nf6 2. Nf3 c5 3. d5 g6 4. Nc3 Bg7 5. e4 d6 6. h3 O-O 7. Be3 b5 8. Nd2 a6
9. Rb1 e6 10. Bg5 h6 11. Bxf6 Qxf6 12. Qf3 Qxf3 13. Nxf3 Re8 14. Be2 Ra7 15.
Nd1 exd5 16. exd5 Rae7 17. Ne3 Bd4 18. O-O Bxe3 19. fxe3 Rxe3 20. Bd3 c4 21.
Bxg6 fxg6 22. Nh4 g5 23. Rf6 gxh4 24. Rxh6 Re1+ 25. Rxe1 Rxe1+ 26. Kf2 Re8 27.
Rxh4 Re5 28. Rd4 Bb7 29. g4 Nd7 30. h4 Rxd5 31. Rf4 Re5 32. g5 Re4 33. Kg3 Rxf4
34. Kxf4 d5 35. Kf5 d4 0-1

[Event "Olomouc 2010 - Seniors Open"]
[Site "Olomouc (CZE), Hotel Sigma"]
[Date "2010.08.06"]
[Round "2"]
[White "Lubimov, Anatoly"]
[Black "Perik, Alois"]
[Result "1-0"]
[WhiteElo "2235"]
[BlackElo "1867"]
[PlyCount "53"]
[EventDate "2010.08.05"]

1. d4 d5 2. Nf3 Nf6 3. c4 c6 4. Qc2 e6 5. Nbd2 Nbd7 6. g3 Be7 7. Bg2 O-O 8. O-O
Re8 9. e4 dxe4 10. Nxe4 Nxe4 11. Qxe4 Bf6 12. Rd1 Nb6 13. Qc2 Qe7 14. a4 Nd7
15. Be3 b6 16. a5 Ba6 17. Nd2 Rec8 18. Ne4 b5 19. c5 e5 20. b4 exd4 21. Bxd4
Bxd4 22. Rxd4 Rc7 23. Nd6 Rf8 24. Re4 Qd8 25. Rd1 Bc8 26. Red4 Nb8 27. Nxb5 1-0

[Event "Olomouc 2010 - Seniors Open"]
[Site "Olomouc (CZE), Hotel Sigma"]
[Date "2010.08.06"]
[Round "2"]
[White "Rembowski, Krzysztof"]
[Black "Golcman, Evgeny"]
[Result "0-1"]
[WhiteElo "1875"]
[BlackElo "2270"]
[PlyCount "74"]
[EventDate "2010.08.05"]

1. d4 f5 2. c4 Nf6 3. Nf3 g6 4. g3 Bg7 5. Bg2 O-O 6. O-O d6 7. Nc3 Nc6 8. d5
Na5 9. Qd3 c5 10. Ng5 a6 11. Ne6 Bxe6 12. dxe6 Nc6 13. e3 Rb8 14. a3 Qc8 15.
Bd5 b5 16. f4 Kh8 17. e4 b4 18. Ne2 fxe4 19. Bxe4 bxa3 20. Rxa3 Nb4 21. Qf3
Qxe6 22. Nc3 Qxc4 23. Re1 Nxe4 24. Rxe4 Qf7 25. Qe2 e5 26. fxe5 Bxe5 27. Bh6
Bd4+ 28. Rxd4 cxd4 29. Bxf8 Rxf8 30. Nd1 d3 31. Qf2 Qg7 32. Qb6 Qf6 33. Qf2
Qxf2+ 34. Nxf2 d2 35. Ra1 Rc8 36. Ra4 Rc1+ 37. Kg2 Nd3 0-1